000 00632nam a22002177a 4500
008 240702b mp ||||| |||| 00| 0 mon d
035 _a26322
040 _aZA2481090
_bmon
_cMN-UlNLM
_dMN-UlNLM
_erda
041 _amon
042 _a57140
084 _2NNA
_a87.22я92
_bБ-695
100 _aБуджав У.
245 0 _aҮгийн сүлжээ
264 _aУлаанбаатар
_bМөнгөн пресс ХГ
_c2017
300 _a50х.
336 _2rdacontent
_atext
_btxt
337 _2rdamedia
_aunmediated
_bn
338 _2rdacarrier
_avolume
_bnc
942 _2NNA
_cBK
999 _c1094049
_d1094106